000 02001cad a22003375a 4500
001 L159307
008 160706s2016 xxk 000 0 eng u
020 1 _a9781783211517
035 _a(Sirsi) u159307
041 0 _aeng
110 2 _aRoyal Institution of Chartered Surveyors
245 0 4 _aThe RICS Homebuyer Report (Survey) 2016
_bRICS professional statement
_h[electronic resource]
_c[replaced by Home Survey Standard]
250 _a1st ed.
260 _aCoventry
_bRICS
_c2016
490 0 _aRICS Professional Statement
520 _aAccompanies the RICS Homebuyer Report (Survey) 1st edition June 2016. Part A refers to mandatory status of the professional statement, requirements and scope, the contract, commentary and guidance on compiling the report. Part B The report, Part C Report form and checklists and Part D appendices. The Practice Statement reflects the property law in England, Wales, Northern Ireland, the Channel Islands and the Isle of Man but does not apply to Scotland. The RICS Homebuyer Report Survey) 2016 does not include a valuation. If a valuation as part of the standard service clients should be advisd to commission an RICS HomeBuyer (Survey & Valuation) Service 2016 (L159308), which can only be undertaken by a surveyor who is a member of the RICS Valuer Registration Scheme
520 _aEffective from 12 September 2016. See Home survey standard K121160 effective from 1 June 2020.
520 _aNo longer in use, please refer to Home Survey Standard
521 _aAdvanced
590 _aKA
650 _aHome survey standard
651 4 _aEngland
651 4 _aWales
651 4 _aNorthern Ireland
651 4 _aIsle of Man
651 4 _aChannel Islands
690 _aSurvey reports
_96270
690 _aResidential property
_96266
856 4 8 _uhttps://www.isurv.com/downloads/file/6849/archive_rics_homebuyer_report_survey_1st_edition_professional_statement_2016-may_2022
_zArchived on iSurv (subscription required)
942 _n0
999 _c115793
_d115793